000 00656nas a2200229 4500
001 BR4400143
003 BR-BrBNA
005 20231205081834.0
007 ta
008 230509b bl.|||p| |||| 00| 00por d
040 _aBR-BrBNA
_bpor
_cBiblioteca Nacional de Agricultura
041 _a(Pt)
072 _aE15
100 1 _aBelda Filho, J.
245 1 _aSubsidios a padronizacao legal da contabilidade nas cooperativas
650 _aMicroeconomia
650 _aCooperativa
650 _aContabilidade
773 0 _tCooperacao (Brazil)
_x
_g(Sep 1944), v. 5(27) p. 16-18
_wBR4400143
909 _a202311
_bLúcia
_c55
_dLúcia Elande
942 _2AGRIS
_n0
_cANA
999 _c87239
_d87239